[Event "DEM U14 2015"]
[Site "Willingen GER"]
[Date "2015.05.25"]
[Round "3"]
[White "Acikel, Mert"]
[Black "Wolf, Philipp"]
[Result "1-0"]
[Termination "normal"]
[Board "22"]
[WhiteElo "1887"]
[BlackElo "1573"]
[PlyCount "171"]
[WhiteFideId "12956465"]
[BlackFideId "12958948"]
[EventCountry "GER"]
[EventRounds "9"]
[EventType "swiss"]
[EventDate "2015.05.23"]

1. e4 c5 2. Nf3 d6 3. d4 cxd4 4. Nxd4 Nf6 5. Nc3 a6 6. Be3 Qc7 7. Be2 b5 8. a3
Bb7 9. f3 e6 10. O-O Nbd7 11. Kh1 Be7 12. Bd3 O-O 13. Bg1 Ne5 14. Qe2 d5 15.
exd5 Nxd3 16. Qxd3 Nxd5 17. Nxd5 Bxd5 18. Rfe1 Rfd8 19. Qe3 Bf6 20. c3 Bxd4 21.
cxd4 Qc2 22. Re2 Qb3 23. Qxb3 Bxb3 24. Rc1 Rac8 25. Rc5 a5 26. Re3 Bc4 27. b3
Bf1 28. Re1 Bd3 29. Rec1 Ra8 30. a4 b4 31. Be3 h6 32. Kg1 Kf8 33. Rd1 Bh7 34.
Bf4 Ra6 35. Bc7 Rda8 36. Re1 f6 37. Rec1 Ke8 38. Rc6 Rxc6 39. Rxc6 Kd7 40. Rc5
Bc2 41. Rxa5 Rxa5 42. Bxa5 Bxb3 43. Bxb4 Bxa4 44. Bf8 g5 45. Bxh6 Ke8 46. f4 g4
47. h3 gxh3 48. gxh3 Bd1 49. f5 Bc2 50. fxe6 Ke7 51. Kf2 Kxe6 52. Ke3 Bf5 53.
h4 Bg4 54. Kf4 Bh5 55. Ke4 Bg6+ 56. Kf4 Bh5 57. Bg7 Kf7 58. Bh8 Ke6 59. Ke3 Kf5
60. Kd3 Ke6 61. Kc4 Bf3 62. Kc5 f5 63. Be5 Kf7 64. d5 Bxd5 65. Kxd5 Kg6 66. Bg3
Kh5 67. Ke5 Kg4 68. Be1 f4 69. Ke4 f3 70. Bf2 Kh5 71. Kxf3 Kh6 72. Kg4 Kg6 73.
h5+ Kh6 74. Be3+ Kh7 75. Kg5 Kg7 76. h6+ Kh7 77. Bd4 Kg8 78. Kg6 Kf8 79. h7 Ke7
80. h8=Q Ke6 81. Qe5+ Kd7 82. Kf7 Kc6 83. Ke7 Kb7 84. Qb5+ Kc7 85. Be5+ Kc8 86.
Qb8# 1-0

[Event "DEM U14 2015"]
[Site "Willingen GER"]
[Date "2015.05.25"]
[Round "3"]
[White "Viol, Julius"]
[Black "Hinrichs, Niklas"]
[Result "1/2-1/2"]
[Termination "normal"]
[Board "23"]
[WhiteElo "1558"]
[BlackElo "1818"]
[PlyCount "65"]
[WhiteFideId "12958492"]
[BlackFideId "12942499"]
[EventCountry "GER"]
[EventRounds "9"]
[EventType "swiss"]
[EventDate "2015.05.23"]

1. d4 d5 2. c4 c6 3. cxd5 cxd5 4. Nc3 Nf6 5. Bf4 Qb6 6. Rb1 a6 7. e3 e6 8. Bd3
Bb4 9. Nge2 Nc6 10. O-O O-O 11. a3 Be7 12. Na4 Qa7 13. b4 Bd7 14. Nc5 b6 15.
Nb3 Rfc8 16. Rc1 Nh5 17. Qd2 Nxf4 18. Nxf4 Bd6 19. g3 Ne7 20. Rxc8+ Rxc8 21.
Rc1 Qb7 22. Rxc8+ Qxc8 23. Ne2 Ba4 24. Nec1 g6 25. Bc2 Bb5 26. Bd3 Bc4 27. Qc3
Bxd3 28. Qxc8+ Nxc8 29. Nxd3 Na7 30. a4 Nc6 31. a5 bxa5 32. bxa5 Bc7 33. Ndc5
1/2-1/2

[Event "DEM U14 2015"]
[Site "Willingen GER"]
[Date "2015.05.26"]
[Round "5"]
[White "Fieberg, Samuel"]
[Black "Rieß, Alexander"]
[Result "1-0"]
[Termination "normal"]
[Board "1"]
[WhiteElo "2168"]
[BlackElo "2150"]
[WhiteClock "00:14:54"]
[BlackClock "00:37:17"]
[PlyCount "77"]
[WhiteFideId "12901717"]
[BlackFideId "12953326"]
[EventCountry "GER"]
[EventRounds "9"]
[EventType "swiss"]
[EventDate "2015.05.23"]

1. e4 c5 2. Nf3 d6 3. d4 cxd4 4. Nxd4 Nf6 5. Nc3 g6 6. Be2 Bg7 7. Be3 O-O 8.
O-O Nc6 9. f4 Qb6 10. Qd3 Ng4 11. Nd5 Bxd4 12. Bxg4 Bxe3+ 13. Qxe3 Qxe3+ 14.
Nxe3 Bxg4 15. Nxg4 Rfc8 16. Rfd1 Na5 17. Rd5 Nc4 18. b3 h5 19. Nh6+ Kg7 20.
bxc4 Kxh6 21. c5 e6 22. Rxd6 Rxc5 23. Rd7 Rxc2 24. Rad1 Rac8 25. Rxf7 Rxa2 26.
h4 b5 27. Rdd7 Rh8 28. f5 exf5 29. exf5 b4 30. Rd6 Rg8 31. Rb7 a5 32. f6 Rf8
33. Ra6 Ra3 34. Rba7 b3 35. Ra8 Rf7 36. Rb6 a4 37. Kh2 Kh7 38. Rbb8 Rxf6 39.
Rb7+ 1-0

[Event "DEM U14 2015"]
[Site "Willingen GER"]
[Date "2015.05.26"]
[Round "5"]
[White "Martin, Julian"]
[Black "Hofmann, Rares"]
[Result "1-0"]
[Termination "normal"]
[Board "2"]
[WhiteElo "2281"]
[BlackElo "2003"]
[WhiteClock "00:58:35"]
[BlackClock "00:02:51"]
[PlyCount "71"]
[WhiteFideId "12941000"]
[BlackFideId "12976440"]
[EventCountry "GER"]
[EventRounds "9"]
[EventType "swiss"]
[EventDate "2015.05.23"]

1. e4 e5 2. Nf3 Nc6 3. Bb5 a6 4. Ba4 Nf6 5. d3 Bc5 6. O-O b5 7. Bb3 O-O 8. c3
d5 9. Nbd2 Bb6 10. a4 Rb8 11. axb5 axb5 12. Qe2 Re8 13. h3 h6 14. Rd1 Be6 15.
Nf1 Qd6 16. Ng3 Rbd8 17. Bc2 d4 18. Nh4 dxc3 19. bxc3 b4 20. Nhf5 Bxf5 21. Nxf5
Qe6 22. cxb4 Nxb4 23. Ba4 Nd7 24. Ba3 c5 25. Bxb4 cxb4 26. Bxd7 Rxd7 27. Qg4 g6
28. Nxh6+ Kh7 29. Qg5 f6 30. Qh4 Kg7 31. Ng4 Rh8 32. Qg3 b3 33. Rab1 Rc7 34. d4
Bxd4 35. Rxd4 b2 36. Rxb2 1-0

[Event "DEM U14 2015"]
[Site "Willingen GER"]
[Date "2015.05.26"]
[Round "5"]
[White "Buckels, Valentin"]
[Black "Ewert, Hannes"]
[Result "1-0"]
[Termination "normal"]
[Board "3"]
[WhiteElo "2178"]
[BlackElo "1930"]
[WhiteClock "00:55:32"]
[BlackClock "00:39:31"]
[PlyCount "57"]
[WhiteFideId "12942766"]
[BlackFideId "12961574"]
[EventCountry "GER"]
[EventRounds "9"]
[EventType "swiss"]
[EventDate "2015.05.23"]

1. d4 Nf6 2. c4 c5 3. d5 b5 4. cxb5 a6 5. bxa6 g6 6. Nc3 Bxa6 7. e4 Bxf1 8.
Kxf1 d6 9. Nf3 Bg7 10. g3 Nbd7 11. Kg2 O-O 12. a4 Qb6 13. Qc2 Qb4 14. Re1 Rfb8
15. Ra2 Nb6 16. Bd2 Nc4 17. Nb1 Qb3 18. Qxb3 Rxb3 19. Bc3 Nd7 20. Nbd2 Nxd2 21.
Nxd2 Bxc3 22. bxc3 Rxc3 23. Rb1 Kf8 24. a5 Ke8 25. a6 Kd8 26. a7 Kc7 27. Ra6
Nf6 28. Rc6+ Kd7 29. Rb7+ 1-0

[Event "DEM U14 2015"]
[Site "Willingen GER"]
[Date "2015.05.26"]
[Round "5"]
[White "Stein, Robert"]
[Black "Schmidek, Emil"]
[Result "1/2-1/2"]
[Termination "normal"]
[Board "4"]
[WhiteElo "2010"]
[BlackElo "2163"]
[WhiteClock "00:07:42"]
[BlackClock "00:00:46"]
[PlyCount "80"]
[WhiteFideId "12921084"]
[BlackFideId "12908150"]
[EventCountry "GER"]
[EventRounds "9"]
[EventType "swiss"]
[EventDate "2015.05.23"]

1. e4 e5 2. Nf3 Nc6 3. Bb5 a6 4. Ba4 b5 5. Bb3 Nf6 6. O-O Be7 7. Re1 d6 8. c3
O-O 9. h3 Nb8 10. d4 Nbd7 11. Nbd2 Bb7 12. Bc2 Re8 13. Nf1 Bf8 14. Ng3 g6 15.
a4 c5 16. d5 c4 17. Bg5 h6 18. Be3 Nc5 19. Qd2 h5 20. Ra3 Nfd7 21. Rea1 Qc7 22.
Qd1 Be7 23. Bg5 Bxg5 24. Nxg5 Nf6 25. Nf3 Qe7 26. h4 Qc7 27. Qc1 Qe7 28. Qg5
Kh7 29. Nd2 Ng8 30. Qxe7 Nxe7 31. axb5 axb5 32. b3 cxb3 33. Nxb3 Nxb3 34. Bxb3
Rxa3 35. Rxa3 Ra8 36. Rxa8 Bxa8 37. Ne2 f5 38. f3 fxe4 39. fxe4 Ng8 40. Kf2 Nf6
1/2-1/2

[Event "DEM U14 2015"]
[Site "Willingen GER"]
[Date "2015.05.26"]
[Round "5"]
[White "Wong, Gengchun"]
[Black "Zienert, Richard"]
[Result "1/2-1/2"]
[Termination "normal"]
[Board "5"]
[WhiteElo "2015"]
[BlackElo "2085"]
[WhiteClock "00:48:52"]
[BlackClock "00:50:42"]
[PlyCount "44"]
[WhiteFideId "12963283"]
[BlackFideId "12945986"]
[EventCountry "GER"]
[EventRounds "9"]
[EventType "swiss"]
[EventDate "2015.05.23"]

1. e4 d5 2. exd5 Qxd5 3. Nc3 Qd6 4. d4 c6 5. Nf3 Bg4 6. Bc4 e6 7. Be3 Nf6 8. h3
Bh5 9. g4 Bg6 10. Ne5 Nbd7 11. f4 O-O-O 12. Qe2 Qc7 13. O-O-O Bb4 14. Nb1 Nb6
15. Bb3 Nfd5 16. a3 Bd6 17. Bd2 Bxe5 18. dxe5 h5 19. Rhf1 hxg4 20. hxg4 c5 21.
Bxd5 Nxd5 22. Nc3 Nxc3 1/2-1/2

[Event "DEM U14 2015"]
[Site "Willingen GER"]
[Date "2015.05.26"]
[Round "5"]
[White "Reuker, Jari"]
[Black "Weller, Uli"]
[Result "1/2-1/2"]
[Termination "normal"]
[Board "6"]
[WhiteElo "2057"]
[BlackElo "1786"]
[WhiteClock "00:15:44"]
[BlackClock "01:04:31"]
[PlyCount "67"]
[WhiteFideId "12909300"]
[BlackFideId "12971782"]
[EventCountry "GER"]
[EventRounds "9"]
[EventType "swiss"]
[EventDate "2015.05.23"]

1. e4 e6 2. d4 d5 3. Nd2 c5 4. exd5 Qxd5 5. Ngf3 cxd4 6. Bc4 Qd6 7. O-O Nf6 8.
Nb3 Nc6 9. Nbxd4 Nxd4 10. Nxd4 a6 11. c3 Be7 12. Qe2 O-O 13. Bd3 Bd7 14. Bg5
Rfe8 15. Rad1 Bc6 16. Bb1 Qc7 17. Nxc6 Qxc6 18. Qc2 h6 19. Bxf6 Bxf6 20. Qh7+
Kf8 21. Be4 Qc7 22. Bf3 Rad8 23. g3 b5 24. a4 Rxd1 25. Rxd1 Rd8 26. Qh8+ Ke7
27. Qxd8+ Qxd8 28. Rxd8 Kxd8 29. axb5 axb5 30. Be2 b4 31. cxb4 Bxb2 32. Kg2 Ke7
33. b5 Bd4 34. f4 1/2-1/2

[Event "DEM U14 2015"]
[Site "Willingen GER"]
[Date "2015.05.26"]
[Round "5"]
[White "Rockmann, Jan-Okke"]
[Black "Engel, Luis"]
[Result "0-1"]
[Termination "normal"]
[Board "7"]
[WhiteElo "1833"]
[BlackElo "2212"]
[WhiteClock "01:23:52"]
[BlackClock "00:20:10"]
[PlyCount "36"]
[WhiteFideId "12942111"]
[BlackFideId "12961523"]
[EventCountry "GER"]
[EventRounds "9"]
[EventType "swiss"]
[EventDate "2015.05.23"]

1. e4 g6 2. d4 Bg7 3. Be3 d6 4. f4 Nd7 5. Nf3 e6 6. c4 b6 7. Bd3 Bb7 8. O-O c5
9. Nc3 a6 10. f5 exf5 11. exf5 cxd4 12. Nxd4 Ngf6 13. fxg6 hxg6 14. Qd2 Qe7 15.
Rae1 Ng4 16. Nc2 Be5 17. h3 Bh2+ 18. Kh1 Rxh3 0-1

[Event "DEM U14 2015"]
[Site "Willingen GER"]
[Date "2015.05.26"]
[Round "5"]
[White "Mätzkow, Maximilian Paul"]
[Black "Weber, Samuel"]
[Result "1-0"]
[Termination "normal"]
[Board "8"]
[WhiteElo "2050"]
[BlackElo "1954"]
[WhiteClock "00:32:26"]
[BlackClock "00:18:23"]
[PlyCount "49"]
[WhiteFideId "24679933"]
[BlackFideId "12924008"]
[EventCountry "GER"]
[EventRounds "9"]
[EventType "swiss"]
[EventDate "2015.05.23"]

1. e4 d5 2. exd5 Qxd5 3. Nc3 Qd6 4. d4 Nf6 5. Bd3 Nc6 6. Nge2 Bg4 7. f3 Bh5 8.
Bf4 Qd7 9. a3 e6 10. Qd2 Be7 11. O-O-O O-O 12. h4 Bd6 13. g4 Bg6 14. Bxg6 fxg6
15. h5 Ne7 16. h6 Bxf4 17. Nxf4 Ned5 18. hxg7 Kxg7 19. Ncxd5 Nxd5 20. Qh2 h5
21. Nxd5 Qxd5 22. gxh5 gxh5 23. Rdg1+ Kh6 24. Qd2+ Kh7 25. Rg5 1-0

[Event "DEM U14 2015"]
[Site "Willingen GER"]
[Date "2015.05.26"]
[Round "5"]
[White "Wendler, David"]
[Black "Degenhard, Simon"]
[Result "1-0"]
[Termination "normal"]
[Board "9"]
[WhiteElo "1807"]
[BlackElo "1851"]
[WhiteClock "00:12:26"]
[BlackClock "00:35:39"]
[PlyCount "53"]
[WhiteFideId "12938360"]
[BlackFideId "12944017"]
[EventCountry "GER"]
[EventRounds "9"]
[EventType "swiss"]
[EventDate "2015.05.23"]

1. e4 c5 2. Nf3 a6 3. b4 cxb4 4. d4 d5 5. exd5 Nf6 6. a3 b3 7. c4 b5 8. Qxb3
bxc4 9. Bxc4 Nbd7 10. Qa4 Bb7 11. Nc3 g6 12. O-O Bg7 13. Rb1 Qc7 14. d6 exd6
15. Re1+ Kf8 16. Ng5 d5 17. Qb4+ Kg8 18. Qxb7 Qxb7 19. Rxb7 dxc4 20. Re7 Bf8
21. Rexd7 Nxd7 22. Rxd7 Re8 23. Kf1 Bh6 24. Nd5 Rf8 25. Ne6 fxe6 26. Bxh6 Rf5
27. Ne7+ 1-0

[Event "DEM U14 2015"]
[Site "Willingen GER"]
[Date "2015.05.26"]
[Round "5"]
[White "Renger, Niklas"]
[Black "Browning, Alex"]
[Result "1-0"]
[Termination "normal"]
[Board "10"]
[WhiteElo "1942"]
[BlackElo "1864"]
[WhiteClock "00:01:13"]
[BlackClock "00:49:21"]
[PlyCount "85"]
[WhiteFideId "12908096"]
[BlackFideId "12984019"]
[EventCountry "GER"]
[EventRounds "9"]
[EventType "swiss"]
[EventDate "2015.05.23"]

1. e4 c5 2. Nf3 d6 3. d4 cxd4 4. Nxd4 Nf6 5. Nc3 a6 6. Be3 e5 7. Nb3 Be7 8. Be2
O-O 9. g4 Be6 10. g5 Ne8 11. Qd2 Nc7 12. O-O-O a5 13. Kb1 Nba6 14. h4 Nb4 15.
a3 Nc6 16. Nd5 Bxd5 17. exd5 a4 18. Nc1 Na5 19. Bb6 Nc6 20. dxc6 bxc6 21. Qc3
Qd7 22. Bxc7 Qxc7 23. Nd3 Rfc8 24. Bg4 Rcb8 25. Nb4 c5 26. Nd5 Qd8 27. Nxe7+
Qxe7 28. Rd2 Ra6 29. Ka1 Rab6 30. Rb1 Qb7 31. h5 Qe7 32. g6 h6 33. Qc4 Qg5 34.
gxf7+ Kf8 35. Re2 Rxb2 36. Ree1 Qd2 37. Rxb2 Qxe1+ 38. Ka2 Rxb2+ 39. Kxb2 Qa5
40. Qe6 Qb5+ 41. Ka2 Qb8 42. Bf5 c4 43. Bg6 1-0

[Event "DEM U14 2015"]
[Site "Willingen GER"]
[Date "2015.05.26"]
[Round "5"]
[White "Muckle, Julius"]
[Black "Baltic, Fatih"]
[Result "1-0"]
[Termination "normal"]
[Board "11"]
[WhiteElo "2129"]
[BlackElo "1887"]
[PlyCount "71"]
[WhiteFideId "12942430"]
[BlackFideId "12979090"]
[EventCountry "GER"]
[EventRounds "9"]
[EventType "swiss"]
[EventDate "2015.05.23"]

1. d4 Nf6 2. c4 c5 3. e3 g6 4. Nf3 Bg7 5. Nc3 cxd4 6. exd4 O-O 7. Be2 d5 8. c5
Nc6 9. O-O Ne4 10. h3 Bf5 11. Bf4 Rc8 12. Rc1 h6 13. a3 g5 14. Be3 b6 15. cxb6
Nxc3 16. Rxc3 Qxb6 17. Qd2 Be6 18. h4 g4 19. Bxh6 f6 20. Bxg7 Kxg7 21. Nh2 Qxd4
22. Rd3 Qa4 23. Bxg4 Bxg4 24. Nxg4 Qe4 25. Qh6+ Kf7 26. Qh5+ Qg6 27. Qxd5+ Ke8
28. Qe6 Rc7 29. Rfd1 Rg8 30. Rg3 Rf8 31. Rc3 Nd8 32. Rxd8+ Kxd8 33. Qd5+ Ke8
34. Rxc7 Qxg4 35. Rxa7 e5 36. Qa8+ 1-0

[Event "DEM U14 2015"]
[Site "Willingen GER"]
[Date "2015.05.26"]
[Round "5"]
[White "Wierzbicki, Jirawat"]
[Black "Holinka, Henning"]
[Result "0-1"]
[Termination "normal"]
[Board "12"]
[WhiteElo "1972"]
[BlackElo "1872"]
[PlyCount "100"]
[WhiteFideId "1153579"]
[BlackFideId "12967084"]
[EventCountry "GER"]
[EventRounds "9"]
[EventType "swiss"]
[EventDate "2015.05.23"]

1. e4 c5 2. c3 Qa5 3. Nf3 Nc6 4. d4 cxd4 5. Nxd4 Qe5 6. f3 d5 7. Nxc6 bxc6 8.
Qd4 Qe6 9. Bd3 Nf6 10. Nd2 g6 11. Nb3 dxe4 12. Nc5 Qd5 13. fxe4 Qxd4 14. cxd4
e5 15. Nb3 exd4 16. Nxd4 Bb7 17. Bg5 Bg7 18. Nb3 Nd7 19. O-O-O Rc8 20. Na5 Ba8
21. Nc4 Rb8 22. Bf4 Ke7 23. Bxb8 Rxb8 24. Bc2 c5 25. Rhe1 Bd4 26. Bb3 Nf6 27.
Ne3 Be5 28. Nd5+ Bxd5 29. exd5 Kd6 30. h3 h5 31. Re2 Rb4 32. Rde1 Bf4+ 33. Kb1
c4 34. Bc2 Nxd5 35. Re8 Bd2 36. Rd1 Nc3+ 37. Ka1 Nxd1 38. Rd8+ Kc7 39. Rxd2
Nxb2 40. a3 Rb6 41. Rf2 f5 42. Ka2 Nd3 43. Bxd3 cxd3 44. Rd2 Re6 45. Rxd3 Re2+
46. Kb3 Rxg2 47. Kb4 h4 48. Rd4 g5 49. Rd5 Rf2 50. a4 g4 0-1

[Event "DEM U14 2015"]
[Site "Willingen GER"]
[Date "2015.05.26"]
[Round "5"]
[White "Vuckovic, Zarko"]
[Black "Roseneck, Jonas"]
[Result "0-1"]
[Termination "normal"]
[Board "13"]
[WhiteElo "1790"]
[BlackElo "1975"]
[PlyCount "130"]
[WhiteFideId "12952087"]
[BlackFideId "12939870"]
[EventCountry "GER"]
[EventRounds "9"]
[EventType "swiss"]
[EventDate "2015.05.23"]

1. e4 Nc6 2. d4 d5 3. e5 Bf5 4. c3 e6 5. Bd3 Nge7 6. Bg5 Qd7 7. Ne2 h6 8. Bh4
Bxd3 9. Qxd3 Nf5 10. Bg3 Na5 11. Nd2 b6 12. b4 Nb7 13. b5 Na5 14. O-O Be7 15.
a4 c5 16. bxc6 Qxc6 17. Rfb1 O-O 18. f3 Rfc8 19. Be1 Bd8 20. g4 Ne7 21. Bh4 Qd7
22. Bxe7 Qxe7 23. Kg2 Qd7 24. f4 Nc4 25. Nf3 Rcb8 26. Kg3 b5 27. Nd2 Nxd2 28.
Qxd2 bxa4 29. Rxb8 Rxb8 30. Qc2 a3 31. Rxa3 Qe7 32. Ra2 Qh4+ 33. Kf3 Qxh2 34.
Ng3 Qxc2 35. Rxc2 a5 36. Ra2 Ra8 37. Ke3 Kf8 38. Kd3 Ke8 39. Kc2 Kd7 40. Nh5 g6
41. Ng3 Kc6 42. Ra1 a4 43. Rh1 a3 44. Ne2 h5 45. gxh5 gxh5 46. Nc1 h4 47. Nd3
a2 48. Kb2 a1=Q+ 49. Rxa1 Rxa1 50. Kxa1 h3 51. Nf2 h2 52. Kb2 Bh4 53. Nh1 Kb5
54. Kc2 Kc4 55. Kd2 Kb3 56. Kd3 Be1 57. Ke2 Bxc3 58. Kd3 Be1 59. Ke2 Bh4 60.
Kd3 Kb4 61. f5 exf5 62. Ke3 Kc3 63. Kf4 Kxd4 64. Kxf5 Ke3 65. Kg4 Be1 0-1

[Event "DEM U14 2015"]
[Site "Willingen GER"]
[Date "2015.05.26"]
[Round "5"]
[White "Gungl, Theo"]
[Black "Langjahr, Marius"]
[Result "1-0"]
[Termination "normal"]
[Board "14"]
[WhiteElo "2085"]
[BlackElo "1812"]
[PlyCount "93"]
[WhiteFideId "24695653"]
[BlackFideId "12974625"]
[EventCountry "GER"]
[EventRounds "9"]
[EventType "swiss"]
[EventDate "2015.05.23"]

1. d4 e6 2. c4 Nf6 3. Nc3 d5 4. cxd5 exd5 5. Bg5 c6 6. e3 Be7 7. Bd3 Nbd7 8.
Qc2 O-O 9. Nf3 Re8 10. O-O Nf8 11. Rab1 a5 12. a3 Ne4 13. Bxe7 Qxe7 14. b4 axb4
15. axb4 Ra3 16. Bxe4 dxe4 17. Ne5 f6 18. Nc4 Ra8 19. b5 Ng6 20. Nb6 Ra5 21.
bxc6 bxc6 22. Nxc8 Rxc8 23. Nxe4 Qe6 24. Qb3 Qxb3 25. Rxb3 Ra7 26. Rc3 Ne7 27.
g3 Rd7 28. Rfc1 Kf8 29. Nc5 Ra7 30. Rb3 Kf7 31. Rcb1 f5 32. Nd3 g6 33. Rc3 Rac7
34. Rbc1 Ke6 35. Rc5 Nd5 36. Ne5 Ne7 37. Kg2 Kf6 38. R1c4 Ke6 39. Nd3 Kd7 40.
Ra4 Nd5 41. Ra6 Kd6 42. Ne5 Ne7 43. Nc4+ Ke6 44. Re5+ Kf6 45. d5 Rd8 46. Re6+
Kf7 47. Ne5+ 1-0

[Event "DEM U14 2015"]
[Site "Willingen GER"]
[Date "2015.05.26"]
[Round "5"]
[White "Poghosyan, Tigran"]
[Black "Hoffmann, Lennard"]
[Result "1-0"]
[Termination "normal"]
[Board "15"]
[WhiteElo "2136"]
[BlackElo "1815"]
[PlyCount "91"]
[WhiteFideId "12909319"]
[BlackFideId "12943495"]
[EventCountry "GER"]
[EventRounds "9"]
[EventType "swiss"]
[EventDate "2015.05.23"]

1. e4 c5 2. Nf3 d6 3. d4 cxd4 4. Qxd4 Nc6 5. Bb5 Bd7 6. Bxc6 Bxc6 7. Nc3 Nf6 8.
Bg5 e5 9. Qd3 Be7 10. O-O-O O-O 11. Bxf6 Bxf6 12. Nd5 Rc8 13. Rhe1 Bxd5 14.
Qxd5 Qc7 15. Qb3 a5 16. Rd5 Ra8 17. a4 Ra6 18. Qd3 Rc8 19. b3 Rc6 20. c4 Be7
21. Kb2 Qb6 22. Qe3 Rc5 23. Red1 Qb4 24. Rxc5 Rxc5 25. Qc3 Qb6 26. Rd2 h6 27.
Ne1 Qc7 28. Qd3 Rc6 29. Nc2 Bg5 30. Rd1 Rb6 31. g3 Qc5 32. h4 Be7 33. Rd2 Qc6
34. Ne3 Ra6 35. Nd5 Bd8 36. Nc3 Bb6 37. Nb5 Bc5 38. f4 Bb4 39. Rd1 Qb6 40. Qf3
Qc5 41. f5 Qc6 42. g4 Kf8 43. g5 hxg5 44. hxg5 Ke8 45. g6 Qb6 46. f6 1-0

[Event "DEM U14 2015"]
[Site "Willingen GER"]
[Date "2015.05.26"]
[Round "5"]
[White "Toptschiev, David"]
[Black "Schäfer, Nicolas"]
[Result "0-1"]
[Termination "normal"]
[Board "17"]
[WhiteElo "1873"]
[BlackElo "1595"]
[PlyCount "216"]
[WhiteFideId "12968005"]
[BlackFideId "12988901"]
[EventCountry "GER"]
[EventRounds "9"]
[EventType "swiss"]
[EventDate "2015.05.23"]

1. e4 c5 2. Nf3 Nc6 3. Bb5 g6 4. Bxc6 dxc6 5. O-O Bg7 6. Re1 Bg4 7. h3 Bxf3 8.
Qxf3 Nf6 9. d3 O-O 10. Nc3 Nd7 11. Rb1 b6 12. Bd2 Rc8 13. Qg3 c4 14. Rbd1 cxd3
15. cxd3 c5 16. b3 Nb8 17. Ne2 Nc6 18. f4 Qd7 19. Rf1 Rcd8 20. Rf3 e6 21. Kh1
Rfe8 22. Qf2 f5 23. e5 Ne7 24. Nc3 Nd5 25. Nxd5 Qxd5 26. Bc3 Bf8 27. Kh2 b5 28.
Rd2 b4 29. Ba1 a5 30. Rc2 Rd7 31. g4 Red8 32. gxf5 exf5 33. Rc4 Qe6 34. Qe2 Rd5
35. Rc1 R5d7 36. Rd1 Rd5 37. Qe3 a4 38. d4 cxd4 39. Rxd4 Bc5 40. Rxd5 Qxd5 41.
Qe2 Qd2 42. Qxd2 Rxd2+ 43. Kg3 Rxa2 44. Rf1 Ra3 45. Rb1 Rxb3+ 46. Rxb3 axb3 47.
Kf3 Kg7 48. Ke2 Kh6 49. Kd3 Kh5 50. Kc4 Be7 51. Kd5 Kh4 52. Ke6 Bc5 53. Kd5 Bf8
54. e6 Kxh3 55. Bg7 Be7 56. Kc6 Kg4 57. Kd7 Bh4 58. Be5 Kf3 59. Ke8 Ke2 60. Kf7
Kd2 61. Bf6 Bxf6 62. Kxf6 b2 63. e7 b1=Q 64. e8=Q Qa1+ 65. Kg5 Qg1+ 66. Kf6
Qd4+ 67. Qe5 Kc3 68. Kg5 b3 69. Qe1+ Kc2 70. Qe2+ Qd2 71. Qc4+ Kb2 72. Kh6 Qc1
73. Qd4+ Ka2 74. Qa4+ Qa3 75. Qc4 Qf8+ 76. Kxh7 Qd6 77. Kg7 Qd2 78. Kxg6 Qc2
79. Qe6 Kb1 80. Qe1+ Qc1 81. Qb4 b2 82. Kxf5 Qc2+ 83. Kg5 Kc1 84. Qe1+ Qd1 85.
Qc3+ Kb1 86. Qc4 Qd8+ 87. Kg4 Qd1+ 88. Kg5 Qf3 89. Qc5 Ka2 90. Qc4+ Qb3 91.
Qa6+ Qa3 92. Qc4+ Ka1 93. Qd4 Qb3 94. Qa7+ Kb1 95. Qg1+ Kc2 96. Qf2+ Kc3 97.
Qe3+ Kb4 98. Qb6+ Ka3 99. Qa5+ Qa4 100. Qc3+ Ka2 101. Qd2 Qb5+ 102. Kh4 Qc5
103. Kg4 Ka1 104. Qd1+ b1=Q 105. Qxb1+ Kxb1 106. f5 Qf8 107. Kg5 Qg7+ 108. Kf4
Kc2 0-1

[Event "DEM U14 2015"]
[Site "Willingen GER"]
[Date "2015.05.26"]
[Round "5"]
[White "Silber, Kevin"]
[Black "Schumacher, Ole"]
[Result "1/2-1/2"]
[Termination "normal"]
[Board "18"]
[WhiteElo "1841"]
[BlackElo "1414"]
[PlyCount "75"]
[WhiteFideId "12930440"]
[BlackFideId "12971898"]
[EventCountry "GER"]
[EventRounds "9"]
[EventType "swiss"]
[EventDate "2015.05.23"]

1. e4 c5 2. Nf3 d6 3. d4 cxd4 4. Nxd4 Nf6 5. Nc3 a6 6. Be3 e5 7. Nb3 Be6 8. Be2
Be7 9. f3 Nbd7 10. Qd2 b5 11. O-O O-O 12. Rac1 Nb6 13. Rfd1 b4 14. Nb1 a5 15.
Qe1 Na4 16. c3 Nxb2 17. Rd2 bxc3 18. Nxc3 Nc4 19. Bxc4 Bxc4 20. Na4 Bxb3 21.
axb3 Rb8 22. Rd3 d5 23. exd5 Bb4 24. Qg3 Qe7 25. Rcd1 Rfd8 26. Bg5 Rbc8 27. Qh4
Rd6 28. Bxf6 Qxf6 29. Qxf6 gxf6 30. Nb2 Bc5+ 31. Kf1 Bd4 32. Nc4 Ra6 33. Ne3
Bxe3 34. Rxe3 Rd6 35. Red3 Rc2 36. R1d2 Rc1+ 37. Kf2 Kf8 38. Ra2 1/2-1/2

[Event "DEM U14 2015"]
[Site "Willingen GER"]
[Date "2015.05.26"]
[Round "5"]
[White "Pommerenke, Kayonzo"]
[Black "Wiesner, Alexander"]
[Result "1-0"]
[Termination "normal"]
[Board "19"]
[WhiteElo "1601"]
[BlackElo "1854"]
[PlyCount "109"]
[WhiteFideId "12968129"]
[BlackFideId "12943991"]
[EventCountry "GER"]
[EventRounds "9"]
[EventType "swiss"]
[EventDate "2015.05.23"]

1. e4 c5 2. Nf3 Nc6 3. Bb5 e6 4. Bxc6 bxc6 5. Nc3 d5 6. d3 Ne7 7. O-O Ng6 8. b3
Bd6 9. Re1 O-O 10. e5 Be7 11. Ba3 Qa5 12. Na4 Ba6 13. Qd2 Qxd2 14. Nxd2 c4 15.
Bxe7 Nxe7 16. Nc5 c3 17. Nb1 Bc8 18. Nxc3 Ng6 19. g3 f6 20. exf6 Rxf6 21. f4
Ne7 22. Ne2 Nf5 23. c3 a5 24. Nd4 Nxd4 25. cxd4 Kf7 26. Re5 h6 27. Rae1 Ke7 28.
f5 Rb8 29. fxe6 Rb4 30. Kg2 Rxd4 31. h3 g6 32. a3 h5 33. R1e3 h4 34. Rf3 Rxf3
35. Kxf3 hxg3 36. Kxg3 g5 37. Rxg5 Bxe6 38. Re5 Kd6 39. Rxe6+ Kxc5 40. Re3 Kb5
41. h4 c5 42. h5 c4 43. dxc4+ dxc4 44. bxc4+ Kxc4 45. h6 Rd6 46. Re4+ Kb3 47.
Rh4 Rd8 48. h7 Rh8 49. a4 Ka3 50. Kf3 Kb3 51. Ke3 Ka3 52. Kd4 Kxa4 53. Kc5+ Kb3
54. Kb5 a4 55. Rh3+ 1-0

[Event "DEM U14 2015"]
[Site "Willingen GER"]
[Date "2015.05.26"]
[Round "5"]
[White "Oganessjan, Artur"]
[Black "Schirra, Maurice"]
[Result "1/2-1/2"]
[Termination "normal"]
[Board "20"]
[WhiteElo "1857"]
[BlackElo "1791"]
[PlyCount "107"]
[WhiteFideId "12986062"]
[BlackFideId "12941115"]
[EventCountry "GER"]
[EventRounds "9"]
[EventType "swiss"]
[EventDate "2015.05.23"]

1. e4 e5 2. Nf3 Nf6 3. Nxe5 d6 4. Nf3 Nxe4 5. Nc3 Nxc3 6. dxc3 Be6 7. Bf4 Be7
8. Qd2 Nc6 9. Bd3 a6 10. O-O-O Qd7 11. Be4 O-O-O 12. Nd4 Nxd4 13. Qxd4 c5 14.
Qe3 Rhe8 15. Qg3 Bf8 16. Bf3 Bf5 17. Rd2 h6 18. Rhd1 Re6 19. h4 Qe7 20. Be3 Qc7
21. Qf4 Rf6 22. Qa4 Bd7 23. Qc4 Bb5 24. Qg4+ Bd7 25. Qg3 Bc6 26. Bd5 Bxd5 27.
Rxd5 b6 28. a4 a5 29. Qg4+ Kb7 30. Qc4 Qc6 31. g4 Re8 32. Bf4 Rfe6 33. f3 Rd8
34. b3 Rde8 35. Qd3 Rd8 36. Bg3 Rd7 37. f4 Re8 38. f5 Ree7 39. g5 hxg5 40. hxg5
Qc8 41. Qf3 Qc6 42. Qg4 Qc8 43. Re1 Re8 44. Re4 Rxe4 45. Qxe4 Qc6 46. c4 Re7
47. Qf3 Re8 48. g6 f6 49. Qd1 Kc7 50. Rd2 Qd7 51. Qf3 Qc6 52. Rd5 Rd8 53. Qd3
Re8 54. Qf3 1/2-1/2